000
00291nam a2200121Ia 4500
008
230411s9999 xx 000 0 und d
041
_a
eng
082
_a
B/612.015/DEB/B02533
100
_a
Deb A C
245
_a
Fundamentals of Biochemistry
260
_b
Central
999
_c
153715
_d
153715